Häufig verwechselte Fremdwörter (Sudden Death) - Statistiken

Allgemein
  • Dieses Quiz wurde 186 mal gespielt
  • Das Durchschnittsergebnis liegt bei 3 aus 6
Answers on the Grid
Answers color-coded by a green-red scale on the quiz's grid according to % correct below.
separat
Terrasse
Rythmus
Terasse
lizenzieren
Obulus
lizensieren
Rhythmus
aquirieren
akquirieren
seperat
Obolus
 
Antwortstatistiken
Antwort % Korrekt
separat
66%
Terrasse
63%
Rhythmus
60%
akquirieren
29%
lizenzieren
25%
Obolus
21%
Keine übereinstimmenden Quizze gefunden
Verteilung der Resultate
Anzahl Personen mit jedem Resultat
Perzentil nach korrekt beantworteten Fragen
Ihre Resultats-Entwicklung
Sie haben dieses Quiz noch nicht gespielt